000 00302 a2200157 4500
001 163075
020 _a
040 _cMagnum
100 _aLavis, Steve
240 1 0 _aCo-coro-co-coo
_lpor
245 1 0 _aCo-coro-co-coo
362 0 _a1899
440 1 _aÁtica
697 _aI/ANIMAIS
942 _cBK
999 _c163075
_d163075